ბათუმის შოთა რუსთაველის სახელმწიფო უნივერსიტეტის ბიბლიოთეკა

ნაშენთა ხუროთმოძღვრული ნაწილები.წ.2:მასობრივი შენობები (ბიბ.ჩანაწერი № 43771)

000 -LEADER
fixed length control field 01037nam a2200229Ia 4500
001 - CONTROL NUMBER
control field 10516
003 - CONTROL NUMBER IDENTIFIER
control field GE_BSU
008 - FIXED-LENGTH DATA ELEMENTS--GENERAL INFORMATION
fixed length control field 181216s||||||||xx |||||||||||||| ||und||
020 ## - INTERNATIONAL STANDARD BOOK NUMBER
International Standard Book Number 9789941202025
040 ## - CATALOGING SOURCE
Transcribing agency GE_BSU
100 ## - MAIN ENTRY--PERSONAL NAME
Personal name მალაღურაძე,ჯუმბერ
245 ## - TITLE STATEMENT
Title ნაშენთა ხუროთმოძღვრული ნაწილები.წ.2:მასობრივი შენობები
245 ## - TITLE STATEMENT
Remainder of title სახელმძღვ.
260 ## - PUBLICATION, DISTRIBUTION, ETC.
Place of publication, distribution, etc. თბილისი
260 ## - PUBLICATION, DISTRIBUTION, ETC.
Name of publisher, distributor, etc. უნივერსალი
260 ## - PUBLICATION, DISTRIBUTION, ETC.
Date of publication, distribution, etc. 2013
300 ## - PHYSICAL DESCRIPTION
Extent 300გვ;29სმ.
300 ## - PHYSICAL DESCRIPTION
Other physical details ბიბლიოგრ:გვ.293-294. ცნებათა და ტერმინთა განმარტებები:გვ.295-297. ნახ;ცხრ.
653 ## - INDEX TERM--UNCONTROLLED
Uncontrolled term ნაშენთა ხუროთმოძღვრული ნაწილები.წ.2:მასობრივი შენობები.სახელმძღვ.
942 ## - ADDED ENTRY ELEMENTS (KOHA)
Koha item type წიგნი
ეგზემპლარები
Withdrawn status Lost status Damaged status Not for loan Date acquired Barcode Date last seen Price effective from Koha item type Public note
        2018-12-17 34707 2018-12-17 2018-12-17 წიგნი 01/01
        2018-12-17 34708 2018-12-17 2018-12-17 წიგნი 02
        2018-12-17 34709 2018-12-17 2018-12-17 წიგნი 02
        2018-12-17 34710 2018-12-17 2018-12-17 წიგნი 02
        2018-12-17 34711 2018-12-17 2018-12-17 წიგნი 02
        2018-12-17 34712 2018-12-17 2018-12-17 წიგნი 02
        2018-12-17 34713 2018-12-17 2018-12-17 წიგნი 02
        2018-12-17 34714 2018-12-17 2018-12-17 წიგნი 02
        2018-12-17 34715 2018-12-17 2018-12-17 წიგნი 02
        2018-12-17 34716 2018-12-17 2018-12-17 წიგნი 02